1034 1067 1260 1855 1778 1534 1995 1707 1226 1266 1208 1930 1058 1718 1905 1433 1956 1925 1343 1320 1065 1459 1212 1134 1828 1330 1318 1164 1800 1220 1698 1644 1153 1870 1347 1616 1044 1473 1241 1696 1007 1104 1287 1703 1151 1792 1577 1503 1003 1226 1563 1764 1918 1866 1845 1226 1588 1178 1600 1963 1804 1601 1188 1110 1477 1543 1178 1648 1543 1254 1075 1240 1812 1538 1298 1163 1254 1482 1869 1635 1929 1385 1483 1203 1546 1414 1939 1284 1072 1162 1323 1472 1090 1019 1546 1303 1832 1583 1721 BCNSPRNW ULIB Ver.6.0+V

เปลี่ยนเป็นภาษาไทย

Change to English
 แสดงรายละเอียดบรรณานุกรม
  กลับหน้าหลัก

Brief Record : Get Marc (ISO 2709) : E-mail record : QR code < ปิดหน้าต่าง
LEADER : 00000nam 2200000uu 4500
001    13399113072
003     ULIB
008    110923s2547||||th 000 0 tha d
020    9749169468 (ชุด 1)
050  4 PE1131^bช547พ 2547
245 00 พูดอังกฤษในชีวิตประจำวัน^h[sound recording] /^cชิดพงษ์ กวีวรวุฒิ, บรรณาธิการ ; วราลี สิทธิจินดาวงศ์,จารุรักษ์ กิตติสิริพันธุ์, แสงระวี ทองดี, ผู้เรียบเรียงเนื้อหา
250    พิมพ์ครั้งที่ 1
260    กรุงเทพฯ :^bบริษัท เอ็มไอเอส ซอฟท์เทค,^c2547
300    2 ชุด 4 แผ่น (200 นาที) :^bดิจิตัล ;^c4 3/4 นิ้ว, สเตริโอ;+^eคู่มือ 2 เล่ม.
440  0 Can you skip.
500    จานคอมแพกต์
520    เหมาะสำหรับผู้สนใจในภาษาอังกฤษเพื่อการนำไปใช้ในชีวิตประจำวันการเดินทาง การท่องเที่ยว การศึกษาและเพื่อต้อนรับนักท่องเที่ยวต่างชาติ.
650  4 ภาษาอังกฤษ^xการใช้ภาษา
650  4 ภาษาอังกฤษ^xตำราสำหรับชนต่างชาติ
700 0  จารุรักษ์ กิตติสิริพันธุ์
700 0  แสงระวี ทองดี
700 0  วราลี สิทธิจินดาวงศ์
700 0  ชิดพงษ์ กวีวรวุฒิ,^eบรรณาธิการ
710 2  บริษัท เอ็มไอเอส ซอฟท์เทค
945    ^p199^l0^i020281
995    ทศพร
999 ^a ศิริพร
รายการนี้ยังไม่มีแท็ก
คุณยังไม่ได้ล็อกอิน คุณสามารถมีกิจกรรมร่วมกับเว็บไซต์ได้ แต่ต้องล็อกอินก่อน ::
  ล็อกอิน

รายการสื่อสารสนเทศ

ลำดับที่ ประเภท เลขเรียก/บาร์โค้ด สถานที่ สถานะ
- ไม่พบข้อมูล -

รายการใกล้เคียง
    หัวเรื่อง [ภาษาอังกฤษ การใช้ภาษา]

BibComment


ยังไม่เคยถูกคอมเมนท์

คอมเมนท์ทรัพยากรรายการนี้
  คอมเมนท์: พูดอังกฤษในชีวิตป..


 Copyright 2026. Bcnsprnw @Library